Boletín Academia Chilena de la Lengua, correspondiente de la Real Española e integrante del Instituto de Chile, 75: 2001-2002
Salvato in:
| Natura: | Libro |
|---|---|
| Lingua: | spagnolo |
| Pubblicazione: |
Santiago
Lom
2004
|
| Soggetti: | |
| Tags: |
Aggiungi Tag
Nessun Tag, puoi essere il primo ad aggiungerne!!
|
MARC
| LEADER | 00000nam a2200000 a 4500 | ||
|---|---|---|---|
| 001 | UCH5399 | ||
| 003 | CL-VaPUC | ||
| 008 | 091014e20040000CL |||||||||||||||||spa|d | ||
| 082 | 0 | 4 | |a 410.83 |b BOL |2 21 |
| 245 | 1 | 0 | |a Boletín Academia Chilena de la Lengua, correspondiente de la Real Española e integrante del Instituto de Chile, 75: 2001-2002 |
| 300 | |a 630 p | ||
| 942 | |c BK | ||
| 945 | |d 20091014 00:00:00 |a lazolas | ||
| 260 | |a Santiago |b Lom |c 2004 | ||
| 650 | 0 | |a Lingüística |9 265068 | |
| 650 | 0 | |a Investigación lingüística |9 329785 | |
| 650 | 0 | |a Literatura chilena |9 308278 | |
| 583 | |a last modification |c 20120626 05:15:43 |k Rodrigo Vera | ||
| 999 | |c 336542 |d 336540 | ||